00556nam a22001577a 450000500170000001000150001702000260003203500140005803700130007208200080008524500950009326000480018827001010023630000320033770000290036920220708165215.0 aENG-133455 a9789388356602c800.00 aEN-116987 bDBAD/PUB a410 aReflections on science of language/ced. by Aejaz Mohammed Sheikh and Ranjit Singh Rangila aDelhi-6bEducational publishing housec2018 bDelhi-6a3191,Vakil street,Kucha pandit,Lal kuank232114465l0091-11-23211540minfo@ephbooks.com a583p.c23cm(hb)bReferences aed. Rangila,Ranjit Singh